JAKI RODZAJ BUTÓW MA W DOMU KAŻDY MĘŻCZYZNA? - Statystyki

Ogólne statystyki
  • Ten quiz został rozwiązany 10 razy
  • Średni wynik to 3 z 5
Statystyki odpowiedzi
Odpowiedź % Poprawnych
SPORTOWE
88%
KLAPKI
63%
SANDAŁY
63%
PÓŁBUTY
38%
ZIMOWE
38%
Nie znaleziono quizów pasujących do podanych kryteriów
Rozkład punktacji
Procent ludzi z każdym wynikiem
Percentyl według liczby udzielonych odpowiedzi
Twoja historia wyników
Nie rozwiązałeś tego quizu